Superheroes A-Z - Statistics

General Stats
  • This quiz has been taken 95 times
  • The average score is 19 of 26
Answer Stats
Hint Answer % Correct
A He can breathe underwater, summon and communicate with marine life species. Aquaman
99%
B He has no suerpowers but his scientific knowledge, detective skills, athletism and wealth is all he needs to fight with criminals. Batman
97%
I A wealthy business magnate, playboy, scientist who made a mechanized suit of armor to save his own life in a kidnapping. Iron Man
93%
C The subject of the super soldier serum experiment to enhance physical performance that exceeds a normal human being. Captain America
92%
H He was accidentally exposed in gamma rays that gave him the ability to transform to a green muscular giant. Hulk
90%
S A boy who acquired spider-related abilities after a bite from a radioactive spider. Spider-Man
90%
O He is the King of Norse Gods, He posseses vast strength, stamina and durability far greater than a normal Asgardian. Odin
85%
J A superhero team consisting of various superhero individuals from the DC universe. Justice League
83%
D He has superhuman accuracy and sensitivity due to blindness in his eyesight that helped him enhance his other senses. Daredevil
82%
L A mutated turtle who is the eldest brother and leader of their group, often wearing a blue mask and using Ninjatos as a weapon of choice. Leonardo
82%
W A mutant with accelerated healing process but his most notable ability is to produce a sharp fang and retracble claws. Wolverine
82%
X A superhero team consists of mutants who are fighting for the equality between humans and mutants. X-Men
82%
F A superhero team who gained superpowers after exposing themselves to cosmic rays during a scientific mission in space. Fantastic Four
80%
G A Stunt motorcyclist who sold his soul to Satan in order to save his father's life. Ghost Rider
80%
Q A superhuman with the ability to move at great speeds. He was revealed as the son of Magneto. Quicksilver
73%
K A white dog who has the same powers of an adult kryptonian, It is the pet of Superman. Krypto
69%
N He is the former vigilante partner of Bruce wayne with the alias of Robin who reinvented himself as a superhero. Nightwing
67%
T A superhero team consisting of Teenagers whom have acted as a sidekick to DC's premier superheroes. Teen Titans
67%
V The strongest among all Valkyrior, She ages much slowly than a normal human and she is immune to all earthly diseases. Valkyrie
61%
E She is highly trained assassin of Greek descent who wields a pair of sai as her trademark weapons. Elektra
60%
M She was trained by the Priests of Pama to become a grandmistress of the martial arts, She is a member of the gurdian of the galaxy. Mantis
59%
P A mutant who was born with telepathic and telekinetic powers. She was unable to cope with her ability as a result her access in her power is suppressed. Phoenix
56%
Y A founding member of the guardians of the galaxy, from the alien planet Centauri IV and has the ability of sixth sense. Yondu
51%
R A cambion who was a daughter of a demon and a human. She can sense and manipulate emotions of other people. Raven
43%
Z She is a sorceress from the DC universe, she usually casts spells by speaking verbal commands backwards. Zatanna
40%
U Just like Steve Rogers, He was a result of experimental mutagenic augmentation by Dr. Karl Malus that gave him superhuman strength. U.S. Agent.
10%
No matching quizzes found
Score Distribution
Percent of People with Each Score
Percentile by Number Answered
Your Score History
You have not taken this quiz